Povídky /
Uložené v:
| Hlavný autor: | |
|---|---|
| Ďalší autori: | |
| Médium: | Kniha |
| Jazyk: | Czech Ukrainian |
| Vydané: |
Praha :
Svoboda,
1951.
|
| Vydanie: | 1. vyd. |
| Edícia: | Klasikové
sv .23 |
| ISBN: |
(viaz.) |
| Fyzický popis: |
529 s. |
| Tagy: |
Pridať tag
Žiadne tagy, Buďte prvý kto otaguje tento záznam!
|
Titul je dostupný aj v ... 

MARC
| LEADER | 00000nam a22000007a 4500 | ||
|---|---|---|---|
| 001 | 000501021 | ||
| 005 | 20160406194819.0 | ||
| 008 | 980827s1951 xr e 000 j cze d | ||
| 020 | |a (viaz.) | ||
| 040 | |a SVKKK |b slo |c SVKKK |e AACR2 | ||
| 041 | 1 | |a cze |h ukr | |
| 044 | |a xr |c CZ | ||
| 100 | 1 | |a Kocjubyns´kyj, Mychajlo, |d 1864-1913 | |
| 245 | 1 | 0 | |a Povídky / |c Mychajlo Mychajlovyč Kocjubynskyj ; [z ukrajinského originálu vybral, přeložil, poznámkami opatřil Rudolf Hůlka]. |
| 250 | |a 1. vyd. | ||
| 260 | |a Praha : |b Svoboda, |c 1951. | ||
| 300 | |a 529 s. | ||
| 366 | |e 10750 výtl. | ||
| 490 | 1 | |a Klasikové |v sv. 23 | |
| 500 | |a Preklad z ukrajin. orig. | ||
| 700 | 1 | |a Hůlka, Rudolf, |d 1887-1961 |4 com |4 trl | |
| 830 | 0 | |a Klasikové |v sv .23 | |
| 910 | |a svkkk | ||
| 998 | |a BK | ||
| 090 | |g SCKHL |k Sklad Hlavná 10 suterén |a IV.42017 |j 42017 |i 2720805910 |s Prezenčne | ||